00591nam a22001937a 450000500170000001000150001702000260003203500130005803700130007108200110008410000160009524500390011126000300015027000680018030000440024850000510029265000340034365000200037720141127143844.0 aENG-111235 a9788120350533c550.00 aEN-94767 bDBAD/PUB a629.83 aKosko, Bart aFuzzy engineering /cby Bart Kosko aDelhibPHI Learningc2015 aRimjhim House, 111, Patparganj Industrial EstatebDelhie110092 axxvi, 549p. :c24cm(pbk)e1CD-ROMbill. aIncludes bibliographical references and index. a Intelligent control systems. a Fuzzy systems.